Angle of repose / (Record no. 1179)

000 -LEADER
fixed length control field 01472nam a22004097a 4500
001 - CONTROL NUMBER
control field 1544685
003 - CONTROL NUMBER IDENTIFIER
control field OSt
005 - DATE AND TIME OF LATEST TRANSACTION
control field 20210426115726.0
008 - FIXED-LENGTH DATA ELEMENTS--GENERAL INFORMATION
fixed length control field 911119r19921971nyu 000 1 eng
010 ## - LIBRARY OF CONGRESS CONTROL NUMBER
LC control number 91044514
020 ## - INTERNATIONAL STANDARD BOOK NUMBER
International Standard Book Number 014016930X :
Terms of availability $12.00 U.S.A. ($14.99 CAN.)
040 ## - CATALOGING SOURCE
Original cataloging agency DLC
Transcribing agency DLC
Modifying agency DLC
-- OCoLC
-- DLC
043 ## - GEOGRAPHIC AREA CODE
Geographic area code n-us-ca
050 00 - LIBRARY OF CONGRESS CALL NUMBER
Classification number PS3537.T316
Item number A8 1992
080 ## - UNIVERSAL DECIMAL CLASSIFICATION NUMBER
Universal Decimal Classification number 821.111
Item number S-82
082 00 - DEWEY DECIMAL CLASSIFICATION NUMBER
Classification number 813/.52
Edition number 20
100 1# - MAIN ENTRY--PERSONAL NAME
Personal name Stegner, Wallace,
Dates associated with a name 1909-1993.
245 10 - TITLE STATEMENT
Title Angle of repose /
Statement of responsibility, etc. Wallace Stegner.
260 ## - PUBLICATION, DISTRIBUTION, ETC.
Place of publication, distribution, etc. New York, N.Y., U.S.A. :
Name of publisher, distributor, etc. Penguin Books,
Date of publication, distribution, etc. 1992.
300 ## - PHYSICAL DESCRIPTION
Extent 569 p. ;
Dimensions 21 cm.
440 #0 - SERIES STATEMENT/ADDED ENTRY--TITLE
Title Contemporary American fiction
650 #0 - SUBJECT ADDED ENTRY--TOPICAL TERM
Topical term or geographic name entry element People with disabilities
Form subdivision Fiction.
650 #0 - SUBJECT ADDED ENTRY--TOPICAL TERM
Topical term or geographic name entry element Married people
Form subdivision Fiction.
650 #0 - SUBJECT ADDED ENTRY--TOPICAL TERM
Topical term or geographic name entry element Grandparents
Form subdivision Fiction.
650 #0 - SUBJECT ADDED ENTRY--TOPICAL TERM
Topical term or geographic name entry element Historians
Form subdivision Fiction.
650 #0 - SUBJECT ADDED ENTRY--TOPICAL TERM
Topical term or geographic name entry element Adultery
Form subdivision Fiction.
650 #0 - SUBJECT ADDED ENTRY--TOPICAL TERM
Topical term or geographic name entry element Older people
Form subdivision Fiction.
651 #0 - SUBJECT ADDED ENTRY--GEOGRAPHIC NAME
Geographic name California
Form subdivision Fiction.
653 ## - INDEX TERM--UNCONTROLLED
Uncontrolled term ინგლისური ლიტერატურა
655 #7 - INDEX TERM--GENRE/FORM
Genre/form data or focus term Domestic fiction.
Source of term lcsh
856 42 - ELECTRONIC LOCATION AND ACCESS
Materials specified Publisher description
Uniform Resource Identifier <a href="http://www.loc.gov/catdir/enhancements/fy1206/91044514-d.html">http://www.loc.gov/catdir/enhancements/fy1206/91044514-d.html</a>
856 41 - ELECTRONIC LOCATION AND ACCESS
Materials specified Table of contents only
Uniform Resource Identifier <a href="http://www.loc.gov/catdir/enhancements/fy1206/91044514-t.html">http://www.loc.gov/catdir/enhancements/fy1206/91044514-t.html</a>
906 ## - LOCAL DATA ELEMENT F, LDF (RLIN)
a 7
b cbc
c orignew
d 1
e ocip
f 19
g y-gencatlg
942 ## - ADDED ENTRY ELEMENTS (KOHA)
Source of classification or shelving scheme
Koha item type Books
Holdings
Withdrawn status Lost status Source of classification or shelving scheme Damaged status Not for loan Permanent location Current location Date acquired Inventory number Total Checkouts Full call number Barcode Date last seen Price effective from Koha item type
          Ken Walker International University Ken Walker International University 02/04/2021 392   821.111 S-82 392 02/04/2021 02/04/2021 Books

Powered by Koha